Państwa w strefie euro - Statystyki

Ogólne statystyki
  • Ten quiz został rozwiązany 3 118 razy
  • Średni wynik to 20 z 25
Statystyki odpowiedzi
Państwo % Poprawnych
Członek uni Niemcy
98%
Członek uni Hiszpania
95%
Członek uni Francja
94%
Członek uni Portugalia
92%
Członek uni Belgia
90%
Członek uni Włochy
90%
Członek uni Holandia
89%
Członek uni Słowacja
88%
Członek uni Austria
86%
Członek uni Litwa
85%
Członek uni Estonia
84%
Członek uni Grecja
84%
Członek uni Łotwa
84%
Członek uni Luksemburg
84%
Członek uni Słowenia
79%
Członek uni Irlandia
78%
Członek uni Finlandia
77%
Nie należy do uni Andora
74%
Nie należy do uni Watykan
74%
Nie należy do uni San Marino
73%
Członek uni Malta
69%
Nie należy do uni Monako
67%
Członek uni Cypr
62%
Nie należy do uni Kosowo
55%
Nie należy do uni Czarnogóra
54%
Nie znaleziono quizów pasujących do podanych kryteriów
Rozkład punktacji
Procent ludzi z każdym wynikiem
Percentyl według liczby udzielonych odpowiedzi
Twoja historia wyników
Nie rozwiązałeś tego quizu